000 01011nam a22003257a 4500
003 CHAP
005 20220329140928.0
008 971013s1994 r 00010 d
010 _a59928
011 _a60900
035 _a65063
040 _cCHAP
082 _a632.4
_bB5
100 0 0 _aBlakeman, J. P.
_913045
245 _aEcology of plant pathogens
260 _aOxon :
_bCAB International,
_c1994
300 _a362 p.
590 _aBATCH-UPD
_b10
_c20130110
_lUCH01
_h0414
590 _aBATCH-UPD
_b10
_c20130110
_lUCH01
_h2001
590 _aBATCH-UPD
_b10
_c20130410
_lUCH01
_h0049
590 _aBATCH-UPD
_b10
_c20130914
_lUCH01
_h1251
590 _aCONVERSION
_b10
_c20130109
_lUCH01
_h1332
650 1 4 _aEcología vegetal.
_935188
650 1 4 _aHongos fitopatógenos.
_956132
650 1 4 _aPlantas
_xEnfermedades por hongos.
_988830
700 0 _aWilliamson, B.
_eed.
_9122117
901 _aBK
942 _cLIBRO
949 _a632.4 B5
_bBC
_cLIBRO
_d33724000084711
_eLIBRO
_gI.181549
_h90353
_i65063
_si
_t917.00
999 _c59928
_d59928